| 000 | 00939cam a2200313 4500 | ||
|---|---|---|---|
| 008 | 090401t1998 xxu||||| |||| 00| 0 eng d | ||
| 020 | _a085308291X | ||
| 035 | _a(Sirsi) u30423 | ||
| 041 | _aeng | ||
| 050 | _a346.4104343 | ||
| 100 | _aFreedman, Philip | ||
| 245 | _aInterpreting and enforcing commercial leases. | ||
| 260 |
_aBristol _bJordans _c1998 |
||
| 300 | _axxxv,208p. ; 24cm. | ||
| 350 | _a32.5 | ||
| 520 | _aA practical guide demonstrating how to use and enforce each of the main provisions of a typical commercial lease from both the viewpoint of the landlord and the tenant. | ||
| 650 | _aALTERATIONS | ||
| 650 | _aASSIGNMENT | ||
| 650 | _aCOMMERCIAL LEASES | ||
| 650 | _aCOVENANTS | ||
| 650 | _aRENT REVIEW | ||
| 650 | _aRENT | ||
| 650 | _aREPAIRS | ||
| 650 | _aSERVICE CHARGES | ||
| 690 | _aLANDLORD AND TENANT-BUSINESS TENANCIES | ||
| 700 | _aSteele, Kevin | ||
| 942 | _n0 | ||
| 948 | _c04/03/1997 | ||
| 999 |
_c89493 _d89493 |
||